[Event "South Moravia Region-chT 2223"]
[Site "Czech Republic"]
[Date "2022.11.13"]
[Round "3.4"]
[White "Bocek, Tadeas"]
[Black "Skalka, Jan"]
[Result "0-1"]
[WhiteElo "1792"]
[BlackElo "1901"]
[PlyCount "63"]
[EventDate "2022.10.09"]
[EventType "team-tourn"]
[EventRounds "11"]
[EventCountry "CZE"]
[SourceTitle "EXT 2024"]
[Source "ChessBase"]
[SourceDate "2023.10.10"]
[SourceVersion "1"]
[SourceVersionDate "2023.10.10"]
[SourceQuality "1"]

1. d4 Nf6 2. Nf3 g6 3. c4 Bg7 4. Bg5 Ne4 5. Bf4 d5 6. Nc3 Nxc3 7. bxc3 dxc4 8. Qa4+ Nd7 9. Qxc4 c5 10. e4 Qa5 11. Bd2 0-0 12. Bd3 Nb6 13. Qb5 Qxb5 14. Bxb5 cxd4 15. cxd4 Rd8 16. Bb4 Bd7 17. Bxd7 Rxd7 18. Rd1 Rad8 19. Bc3 Rc8 20. Ba1 Rc2 21. Rd2 Rdc7 22. 0-0 Rxd2 23. Nxd2 Rc2 24. Nb3 Rxa2 25. Nc5 Nc4 26. Nxb7 Nd2 27. Re1 Nxe4 28. f3 Nd6 29. Nxd6 exd6 30. Re8+ Bf8 31. Bc3 Rc2 32. d5 0-1

[Event "South Moravia Region-chT 2223"]
[Site "Czech Republic"]
[Date "2022.10.09"]
[Round "1.3"]
[White "Skalka, Jan"]
[Black "Marsa, Alexandr"]
[Result "1-0"]
[WhiteElo "1901"]
[BlackElo "1939"]
[PlyCount "81"]
[EventDate "2022.10.09"]
[EventType "team-tourn"]
[EventRounds "11"]
[EventCountry "CZE"]
[SourceTitle "EXT 2024"]
[Source "ChessBase"]
[SourceDate "2023.10.10"]
[SourceVersion "1"]
[SourceVersionDate "2023.10.10"]
[SourceQuality "1"]

1. c4 e6 2. g3 d5 3. Bg2 dxc4 4. Na3 Bxa3 5. bxa3 c5 6. Qc2 Nd7 7. Qxc4 Rb8 8. Rb1 Ngf6 9. Nf3 b6 10. d4 Bb7 11. Bf4 Rc8 12. Qa4 a6 13. dxc5 b5 14. Qd4 Rxc5 15. 0-0 0-0 16. Ne5 Bxg2 17. Kxg2 Qa8+ 18. Kg1 Rd5 19. Qb2 Nc5 20. Rbc1 Rc8 21. Rfd1 Rxd1+ 22. Rxd1 Nd5 23. Bd2 f6 24. Nf3 Ne4 25. Nd4 e5 26. Nf5 g6 27. Ne3 Nxe3 28. Bxe3 Qc6 29. Qb3+ Kh8 30. Qf7 Qe8 31. Qb7 Nc5 32. Bxc5 Rxc5 33. Rd7 Qg8 34. Qb6 Rc1+ 35. Kg2 Qa8+ 36. f3 Rc6 37. Rd8+ Kg7 38. Rd7+ Kh6 39. Qe3+ g5 40. Qe4 f5 41. Rd6+ 1-0

[Event "Skalica Masters op"]
[Site "Skalica"]
[Date "2020.08.30"]
[Round "9"]
[White "Skalka, Jan"]
[Black "Walterova, Ema"]
[Result "1-0"]
[WhiteElo "1910"]
[BlackElo "1790"]
[PlyCount "65"]
[EventDate "2020.08.23"]
[EventType "swiss"]
[EventRounds "9"]
[EventCountry "SVK"]
[SourceTitle "CBM 198 Extra"]
[Source "ChessBase"]
[SourceDate "2020.11.30"]
[SourceVersion "1"]
[SourceVersionDate "2020.11.30"]
[SourceQuality "1"]

1. e4 e5 2. Nc3 Nf6 3. Bc4 Nc6 4. d3 Na5 5. Nge2 Nxc4 6. dxc4 Be7 7. 0-0 d6 8. Qd3 0-0 9. Ng3 c6 10. b3 Qc7 11. h3 Re8 12. Be3 Be6 13. Rad1 Rad8 14. Qe2 d5 15. cxd5 cxd5 16. Nb5 Qa5 17. exd5 Nxd5 18. Bxa7 Ra8 19. c4 Nf4 20. Qxe5 Nxh3+ 21. gxh3 Rxa7 22. Qc7 Bxh3 23. Rfe1 Be6 24. Qf4 g5 25. Qd4 Ra6 26. Nh5 f6 27. Nxf6+ Bxf6 28. Qxf6 Bf7 29. Rxe8+ Bxe8 30. Qe7 Bf7 31. Rd7 Rf6 32. Qxf6 Qe1+ 33. Kh2 1-0

[Event "Stare Mesto op"]
[Site "Stare Mesto"]
[Date "2019.08.17"]
[Round "1"]
[White "Mrazek, Lumir"]
[Black "Skalka, Jan"]
[Result "1-0"]
[WhiteElo "2328"]
[BlackElo "1912"]
[PlyCount "75"]
[EventDate "2019.08.17"]
[EventType "swiss"]
[EventRounds "9"]
[EventCountry "CZE"]
[SourceTitle "EXT 2020"]
[Source "ChessBase"]
[SourceDate "2019.10.17"]
[SourceVersion "1"]
[SourceVersionDate "2019.10.17"]
[SourceQuality "1"]

1. e4 c5 2. Nf3 Nc6 3. d4 cxd4 4. Nxd4 g6 5. Nxc6 bxc6 6. Qd4 Nf6 7. e5 Ng8 8. Nc3 Bg7 9. Bc4 d5 10. Bb3 Qc7 11. f4 Nh6 12. Qc5 e6 13. 0-0 Bf8 14. Qf2 Ba6 15. Rd1 Ng4 16. Qd4 Qa5 17. Ne4 Rd8 18. Nd6+ Bxd6 19. exd6 Qb6 20. h3 Qxd4+ 21. Rxd4 Nf6 22. Ra4 Bc8 23. Rxa7 Rxd6 24. Rc7 Ba6 25. Bd2 c5 26. Rxc5 Ne4 27. Ba4+ Kf8 28. Bb4 Nxc5 29. Bxc5 Ke7 30. Rd1 Rc8 31. Bxd6+ Kxd6 32. Rd4 Bc4 33. a3 Ra8 34. b3 Ba6 35. Rb4 Be2 36. Kf2 Bd1 37. Rb6+ Ke7 38. Rc6 1-0

[Event "Stare Mesto op"]
[Site "Stare Mesto"]
[Date "2017.08.18"]
[Round "9"]
[White "Skalka, Jan"]
[Black "Bednar, Jan"]
[Result "0-1"]
[WhiteElo "1837"]
[BlackElo "2046"]
[PlyCount "70"]
[EventDate "2017.08.11"]
[EventType "swiss"]
[EventRounds "10"]
[EventCountry "CZE"]
[SourceTitle "CBM 180 Extra"]
[Source "ChessBase"]
[SourceDate "2017.10.06"]
[SourceVersion "1"]
[SourceVersionDate "2017.10.06"]
[SourceQuality "1"]

1. e4 e5 2. Nc3 Nc6 3. Bc4 Nf6 4. d3 Bb4 5. Bg5 h6 6. Bxf6 Bxc3+ 7. bxc3 Qxf6 8. Ne2 d6 9. 0-0 g5 10. Ng3 0-0 11. Qh5 Kh7 12. Rad1 Ne7 13. Qe2 Ng6 14. Nh5 Qe7 15. g4 Rg8 16. f3 Bd7 17. d4 Rae8 18. Qf2 b6 19. Bb3 a5 20. a4 Nf4 21. Nxf4 gxf4 22. h3 Rg7 23. Kh2 Rh8 24. dxe5 dxe5 25. Qd2 Bc6 26. Rg1 Rhg8 27. Qe2 h5 28. Qg2 Qh4 29. Qe2 hxg4 30. fxg4 Rh8 31. Qf3 Kg6 32. Rd3 Rgh7 33. c4 Qg5 34. Qg2 Kg7 35. Qf1 Bxe4 0-1

[Event "Stare Mesto op"]
[Site "Stare Mesto"]
[Date "2017.08.14"]
[Round "5"]
[White "Skalka, Jan"]
[Black "Babula, Milan"]
[Result "1/2-1/2"]
[WhiteElo "1837"]
[BlackElo "2219"]
[PlyCount "120"]
[EventDate "2017.08.11"]
[EventType "swiss"]
[EventRounds "10"]
[EventCountry "CZE"]
[SourceTitle "CBM 180 Extra"]
[Source "ChessBase"]
[SourceDate "2017.10.06"]
[SourceVersion "1"]
[SourceVersionDate "2017.10.06"]
[SourceQuality "1"]

1. e4 g6 2. d4 Bg7 3. Nf3 d6 4. Bd3 Nc6 5. c3 e5 6. dxe5 dxe5 7. 0-0 Nge7 8. Qc2 0-0 9. Rd1 Qe8 10. Be3 b6 11. Na3 Bb7 12. Nc4 h6 13. b4 a6 14. a4 Nc8 15. Qb3 Kh8 16. Qc2 Qe6 17. Qd2 Kh7 18. Nh4 Rd8 19. Qe2 a5 20. b5 N6a7 21. Bc2 Nd6 22. Nxd6 Rxd6 23. Rxd6 Qxd6 24. Rd1 Qe7 25. Nf3 Nc8 26. Nd2 Nd6 27. f3 Bc8 28. Nc4 Nxc4 29. Qxc4 Be6 30. Qd3 Bf6 31. Bc1 Qf8 32. c4 Rd8 33. Qb3 Rxd1+ 34. Bxd1 Qc5+ 35. Be3 Qxc4 36. Qxc4 Bxc4 37. Kf2 Bg5 38. Bxg5 hxg5 39. Ke3 Kg7 40. g3 f5 41. f4 Kf6 42. fxg5+ Kxg5 43. Kf3 Be6 44. h4+ Kf6 45. Ke3 Bd7 46. Kd3 f4 47. gxf4 c6 48. bxc6 Bxc6 49. Ke3 b5 50. axb5 Bxb5 51. fxe5+ Kxe5 52. h5 g5 53. Kf3 Bd7 54. Ke3 a4 55. Kd3 a3 56. Kc3 Be6 57. h6 Kf6 58. Bh5 Bg8 59. Kc2 Ke5 60. Be2 Kf6 1/2-1/2

[Event "Stare Mesto op"]
[Site "Stare Mesto"]
[Date "2017.08.13"]
[Round "4"]
[White "Husek, Martin"]
[Black "Skalka, Jan"]
[Result "1/2-1/2"]
[WhiteElo "2148"]
[BlackElo "1837"]
[PlyCount "119"]
[EventDate "2017.08.11"]
[EventType "swiss"]
[EventRounds "10"]
[EventCountry "CZE"]
[SourceTitle "CBM 180 Extra"]
[Source "ChessBase"]
[SourceDate "2017.10.06"]
[SourceVersion "1"]
[SourceVersionDate "2017.10.06"]
[SourceQuality "1"]

1. e4 c5 2. Nf3 Nc6 3. d4 cxd4 4. Nxd4 g6 5. c4 Bg7 6. Be3 Nf6 7. Nc3 d6 8. Be2 0-0 9. 0-0 Bd7 10. Qd2 Nxd4 11. Bxd4 Bc6 12. f3 Nd7 13. Be3 Nc5 14. b4 Na4 15. Nxa4 Bxa4 16. Rab1 a6 17. b5 axb5 18. cxb5 Qd7 19. Rfc1 Rfc8 20. Rb4 Qe6 21. Rcc4 Rxc4 22. Bxc4 Qe5 23. Bd5 Qa1+ 24. Qc1 Qxc1+ 25. Bxc1 Bc2 26. Rc4 Bd3 27. Rc7 e6 28. Bb3 Bxb5 29. Rxb7 Bd4+ 30. Kh1 Rc8 31. Bd2 Ba6 32. Rb4 Bc5 33. Ra4 Bd3 34. g3 Bf1 35. Bc4 Bxc4 36. Rxc4 Rb8 37. Rc2 Rb1+ 38. Kg2 Rg1+ 39. Kh3 Ra1 40. e5 Rd1 41. Bh6 Rd5 42. exd6 f6 43. d7 Be7 44. Rd2 Bd8 45. Rxd5 exd5 46. Kg4 Kf7 47. Kf4 Bb6 48. g4 Ke6 49. Bg7 Bc7+ 50. Ke3 Kxd7 51. Bxf6 Bxh2 52. a4 Bg1+ 53. Kd3 Kc6 54. g5 Bf2 55. Bd4 Be1 56. Bc3 Bf2 57. Bd4 Be1 58. Be3 Bb4 59. Bd2 Bc5 60. Bc3 1/2-1/2

[Event "Stare Mesto op"]
[Site "Stare Mesto"]
[Date "2016.08.05"]
[Round "1"]
[White "Volodin, Viktor Nikolaevich"]
[Black "Skalka, Jan"]
[Result "1-0"]
[WhiteElo "2190"]
[BlackElo "1737"]
[PlyCount "89"]
[EventDate "2016.08.05"]
[EventType "swiss"]
[EventRounds "10"]
[EventCountry "CZE"]
[SourceTitle "CBM 173 Extra"]
[Source "ChessBase"]
[SourceDate "2016.08.29"]
[SourceVersion "1"]
[SourceVersionDate "2016.08.29"]
[SourceQuality "1"]

1. Nf3 d5 2. d4 Nf6 3. c4 e6 4. g3 Nbd7 5. Bg2 Bb4+ 6. Bd2 Bxd2+ 7. Nbxd2 0-0 8. 0-0 c5 9. cxd5 Nxd5 10. e4 N5f6 11. e5 Nd5 12. Ne4 Qb6 13. Qc2 Nb4 14. Qb1 cxd4 15. a3 Nc6 16. Neg5 g6 17. Re1 Qd8 18. Qe4 Ndxe5 19. Nxe5 Qxg5 20. Nxc6 bxc6 21. Qxd4 Rd8 22. Qc3 Bb7 23. Rac1 Qd2 24. Re3 Qxc3 25. Rexc3 Rd2 26. b4 Rad8 27. Bxc6 Rd1+ 28. Rxd1 Rxd1+ 29. Kg2 Bxc6+ 30. Rxc6 Rd7 31. Ra6 e5 32. Kf3 f5 33. g4 Rd3+ 34. Ke2 Rd7 35. gxf5 gxf5 36. Rf6 f4 37. Re6 Rd5 38. Ra6 Rd7 39. Kf3 h5 40. h4 Kg7 41. Ke4 Rd2 42. Kf5 f3 43. Ke4 Rd7 44. Kxf3 Rf7+ 45. Ke4 1-0

[Event "Stare Mesto op"]
[Site "Stare Mesto"]
[Date "2015.08.14"]
[Round "1"]
[White "Cip, Dalibor"]
[Black "Skalka, Jan"]
[Result "1-0"]
[WhiteElo "2143"]
[BlackElo "1733"]
[PlyCount "45"]
[EventDate "2015.08.14"]
[EventType "swiss"]
[EventRounds "10"]
[EventCountry "CZE"]
[SourceTitle "EXT 2016"]
[Source "ChessBase"]
[SourceDate "2015.10.08"]
[SourceVersion "1"]
[SourceVersionDate "2015.10.08"]
[SourceQuality "1"]

1. c4 e5 2. g3 g6 3. Bg2 Bg7 4. Nc3 Nc6 5. d3 d6 6. Rb1 a5 7. a3 Nf6 8. b4 axb4 9. axb4 0-0 10. e3 Ne7 11. Nf3 Be6 12. 0-0 Qc8 13. Bb2 Bh3 14. Ra1 Bxg2 15. Kxg2 b6 16. Qb3 Qb7 17. e4 Nd7 18. Ra4 Nc6 19. Rfa1 Rxa4 20. Qxa4 f5 21. Nd5 fxe4 22. dxe4 Nf6 23. Qxc6 1-0

[Event "CZE-chTA U20 1213"]
[Site "Czech Republic"]
[Date "2013.04.13"]
[Round "9.4"]
[White "Johnova, Eliska"]
[Black "Skalka, Jan"]
[Result "1/2-1/2"]
[WhiteElo "1848"]
[BlackElo "1739"]
[PlyCount "76"]
[EventDate "2012.10.06"]
[EventType "team-tourn"]
[EventRounds "11"]
[EventCountry "CZE"]
[SourceTitle "EXT 2015"]
[Source "ChessBase"]
[SourceDate "2014.11.20"]
[SourceVersion "1"]
[SourceVersionDate "2014.11.20"]
[SourceQuality "1"]
[WhiteTeam "Most Chess (U20)"]
[BlackTeam "Namest nad Oslavou (U20)"]
[WhiteTeamCountry "CZE"]
[BlackTeamCountry "CZE"]

1. e4 c5 2. Nc3 Nc6 3. g3 d6 4. Bg2 Nf6 5. d3 e6 6. f4 Be7 7. Nf3 0-0 8. 0-0 d5 9. e5 Nd7 10. Qe2 a6 11. g4 Qc7 12. h4 Nb6 13. Bh3 Bd7 14. f5 f6 15. Bf4 fxe5 16. Nxe5 Nxe5 17. Bxe5 Bd6 18. fxe6 Bxe5 19. exd7 Bd4+ 20. Kg2 Qxd7 21. g5 Qd6 22. Qe6+ Qxe6 23. Bxe6+ Kh8 24. Nxd5 Nxd5 25. Bxd5 Rae8 26. Bxb7 Re2+ 27. Kh3 Rfe8 28. c3 Bf2 29. Bxa6 R8e3+ 30. Kg4 Rg3+ 31. Kf4 Rh3 32. Rh1 Rg3 33. Raf1 Rg2 34. Kf3 Be3 35. Re1 Rgf2+ 36. Kg4 Rg2+ 37. Kh3 Bf4 38. Rxe2 Rg3+ 1/2-1/2

[Event "CZE-chTE U20 1213"]
[Site "Czech Republic"]
[Date "2012.10.07"]
[Round "3.5"]
[White "Fuskova, Martina"]
[Black "Skalka, Jan"]
[Result "1-0"]
[WhiteElo "1716"]
[BlackElo "1739"]
[PlyCount "91"]
[EventDate "2012.10.06"]
[EventType "team-tourn"]
[EventRounds "11"]
[EventCountry "CZE"]
[SourceTitle "EXT 2015"]
[Source "ChessBase"]
[SourceDate "2014.11.20"]
[SourceVersion "1"]
[SourceVersionDate "2014.11.20"]
[SourceQuality "1"]
[WhiteTeam "Frydek Mistek (U20)"]
[BlackTeam "Namest nad Oslavou (U20)"]
[WhiteTeamCountry "CZE"]
[BlackTeamCountry "CZE"]

1. e4 c5 2. Nf3 Nc6 3. d4 cxd4 4. Nxd4 g6 5. c4 Bg7 6. Be3 Nf6 7. Nc3 0-0 8. Be2 d6 9. 0-0 Bd7 10. f4 a6 11. Rc1 Rc8 12. b3 Nxd4 13. Bxd4 Bc6 14. Bf3 Re8 15. e5 dxe5 16. Bxe5 e6 17. Rc2 Qa5 18. Rd2 Red8 19. Bxc6 bxc6 20. Rf3 Ng4 21. Bxg7 Kxg7 22. h3 Qc5+ 23. Kh1 Ne3 24. Qe1 Nf5 25. Rfd3 Rxd3 26. Rxd3 Kf8 27. Ne4 Qb6 28. Qd2 h5 29. Rd7 Qe3 30. Qxe3 Nxe3 31. Nd6 Rb8 32. Rxf7+ Kg8 33. Ra7 Rd8 34. c5 Rf8 35. Rxa6 Rxf4 36. Rxc6 Rf1+ 37. Kh2 Rf2 38. Kg3 Rxa2 39. Kf4 Nd5+ 40. Kf3 Rb2 41. Rc8+ Kg7 42. Rb8 Kf6 43. Rb7 e5 44. c6 Rc2 45. c7 Nxc7 46. Rxc7 1-0

[Event "CZE-ch U16"]
[Site "Kouty nad Desnou"]
[Date "2012.03.17"]
[Round "9"]
[White "Skalka, Jan"]
[Black "Bocek, Tadeas"]
[Result "1-0"]
[WhiteElo "1809"]
[BlackElo "1833"]
[PlyCount "111"]
[EventDate "2012.03.10"]
[EventType "swiss"]
[EventRounds "9"]
[EventCountry "CZE"]
[SourceTitle "EXT 2013"]
[Source "ChessBase"]
[SourceDate "2012.11.22"]
[SourceVersion "1"]
[SourceVersionDate "2012.11.22"]
[SourceQuality "1"]

1. e4 e5 2. Nc3 Nf6 3. Bc4 Nxe4 4. Qh5 Nd6 5. Bb3 Nc6 6. Nb5 g6 7. Qf3 f5 8. Qd5 Qe7 9. Nxc7+ Kd8 10. Nxa8 b6 11. Nxb6 axb6 12. Qf3 Bb7 13. d3 Nd4 14. Qh3 f4 15. c3 N4f5 16. Ne2 h5 17. f3 Bg7 18. Bd2 g5 19. g4 hxg4 20. Qxg4 Rh4 21. Qg1 Nc8 22. Qf1 g4 23. fxg4 Ng3 24. Nxg3 fxg3 25. Qf5 Bf6 26. g5 Bg7 27. g6 Rf4 28. Qh3 Rh4 29. Qxg3 Bxh1 30. Bg5 Bf6 31. Bxf6 Qxf6 32. g7 Ne7 33. g8Q+ Nxg8 34. Qxg8+ Kc7 35. 0-0-0 Qf4+ 36. Rd2 Bc6 37. Qg3 Qf1+ 38. Rd1 Qf6 39. Re1 Rf4 40. Qe3 d6 41. Qg3 Qh6 42. Kb1 Rf3 43. Qg1 Rxd3 44. Rf1 Be4 45. Bc2 Qh7 46. Rf2 Re3 47. Qf1 Bxc2+ 48. Rxc2 Qe4 49. Qf7+ Kb8 50. Qe8+ Ka7 51. Qd7+ Ka6 52. Qc8+ Kb5 53. Qd7+ Ka6 54. Qc8+ Ka5 55. b4+ Kb5 56. a4+ 1-0

[Event "CZE-ch U16"]
[Site "Kouty nad Desnou"]
[Date "2012.03.16"]
[Round "8"]
[White "Hrdina, Robin"]
[Black "Skalka, Jan"]
[Result "1/2-1/2"]
[WhiteElo "2045"]
[BlackElo "1809"]
[PlyCount "112"]
[EventDate "2012.03.10"]
[EventType "swiss"]
[EventRounds "9"]
[EventCountry "CZE"]
[SourceTitle "EXT 2013"]
[Source "ChessBase"]
[SourceDate "2012.11.22"]
[SourceVersion "1"]
[SourceVersionDate "2012.11.22"]
[SourceQuality "1"]

1. d4 d5 2. Nf3 Nf6 3. Bf4 e6 4. e3 Nbd7 5. Be2 Be7 6. 0-0 0-0 7. c4 dxc4 8. Bxc4 Nb6 9. Bd3 Nbd5 10. Bg3 c5 11. a3 cxd4 12. exd4 Qb6 13. Qe2 Bd7 14. Nc3 Bc6 15. Be5 Rac8 16. Rfe1 Qb3 17. Bc2 Nxc3 18. Qd3 Qb5 19. bxc3 Qxd3 20. Bxd3 Bxf3 21. gxf3 Rxc3 22. Be4 Nxe4 23. fxe4 f6 24. Bf4 Rd8 25. d5 exd5 26. exd5 Bd6 27. Bxd6 Rxd6 28. Re7 Rxd5 29. Rxb7 a5 30. a4 Rcd3 31. Ra7 Rg5+ 32. Kf1 Rh3 33. Rb1 h5 34. Rb5 Rg4 35. Raxa5 Rxh2 36. Rxh5 Rxh5 37. Rxh5 Rxa4 38. Kg2 g6 39. Rb5 Kg7 40. Kg3 g5 41. f3 Kg6 42. Rc5 Ra2 43. Rb5 f5 44. Rb6+ Kh5 45. Rb5 f4+ 46. Kh3 Ra3 47. Kg2 Kh4 48. Rb2 g4 49. fxg4 Kxg4 50. Kf2 Rh3 51. Rb8 Rh2+ 52. Kg1 Re2 53. Kf1 Ra2 54. Rb3 f3 55. Rb8 Ra1+ 56. Kf2 Ra2+ 1/2-1/2

[Event "CZE-ch U16"]
[Site "Kouty nad Desnou"]
[Date "2012.03.11"]
[Round "2"]
[White "Skalka, Jan"]
[Black "Franek, Jan1111"]
[Result "0-1"]
[WhiteElo "1809"]
[BlackElo "1965"]
[PlyCount "78"]
[EventDate "2012.03.10"]
[EventType "swiss"]
[EventRounds "9"]
[EventCountry "CZE"]
[SourceTitle "EXT 2013"]
[Source "ChessBase"]
[SourceDate "2012.11.22"]
[SourceVersion "1"]
[SourceVersionDate "2012.11.22"]
[SourceQuality "1"]

1. e4 c5 2. c3 Nf6 3. e5 Nd5 4. d4 cxd4 5. Qxd4 e6 6. Nf3 Nc6 7. Qe4 f5 8. exf6 Nxf6 9. Qh4 d5 10. Bd3 Bd6 11. Bg6+ Ke7 12. Bc2 h6 13. Bg6 Bd7 14. 0-0 Be8 15. Bxe8 Qxe8 16. Re1 g5 17. Qa4 Qh5 18. h3 Rhf8 19. Nd4 Nxd4 20. Qxd4 Ne4 21. Be3 Qf7 22. f3 Bg3 23. Rd1 Nd6 24. Nd2 Nf5 25. Qb4+ Kf6 26. Bf2 Bd6 27. Bc5 Bxc5+ 28. Qxc5 Kg7 29. Nf1 b6 30. Qf2 Rad8 31. Rd3 Rfe8 32. Re1 e5 33. Ne3 d4 34. cxd4 Nxd4 35. Ng4 Nc6 36. Rxd8 Rxd8 37. Nxe5 Nxe5 38. Rxe5 Rd1+ 39. Kh2 Qf4+ 0-1

[Event "CZE-ch U16"]
[Site "Kouty nad Desnou"]
[Date "2012.03.10"]
[Round "1"]
[White "Kozel, Jiri"]
[Black "Skalka, Jan"]
[Result "1-0"]
[WhiteElo "1969"]
[BlackElo "1809"]
[PlyCount "63"]
[EventDate "2012.03.10"]
[EventType "swiss"]
[EventRounds "9"]
[EventCountry "CZE"]
[SourceTitle "EXT 2013"]
[Source "ChessBase"]
[SourceDate "2012.11.22"]
[SourceVersion "1"]
[SourceVersionDate "2012.11.22"]
[SourceQuality "1"]

1. e4 c5 2. Nf3 Nc6 3. d4 cxd4 4. Nxd4 g6 5. Nc3 Bg7 6. Be3 Nf6 7. Bc4 Qa5 8. 0-0 0-0 9. Bb3 a6 10. h3 d6 11. Re1 Bd7 12. Qd3 Rac8 13. Qf1 Nxe4 14. Nd5 Bxd4 15. Bxd4 Nd2 16. Qd3 Nxb3 17. Bc3 Bf5 18. Qc4 Nd2 19. Qxc6 Qxc3 20. Qxc3 Rxc3 21. Nxe7+ Kh8 22. bxc3 Be6 23. Rad1 Nc4 24. Nd5 Rc8 25. Ne3 Na3 26. Rxd6 Nb5 27. Rb6 Nxc3 28. Rxb7 Nxa2 29. Ra1 Ra8 30. Rb6 Nc3 31. Rbxa6 Rd8 32. Ra8 1-0